[Event "BL2-W9899"]
[Site "Germany"]
[Date "1998.10.18"]
[Round "1.6"]
[White "David, Alberto"]
[Black "Berend, Fred"]
[Result "1-0"]
[WhiteElo "2525"]
[BlackElo "2350"]

1.e4 c5 2.Nc3 Nc6 3.Nge2 e6 4.d4 cxd4 5.Nxd4 a6 6.Be2 d6 7.O-O Nf6 8.a4 Be7
9.Be3 O-O 10.f4 Re8 11.Kh1 Bf8 12.Bf3 Qc7 13.g4 Nxd4 14.Bxd4 e5 15.Bg1 exf4
16.g5 Nd7 17.Nd5 Qd8 18.Qd2 h6 19.gxh6 g5 20.Qg2 Kh7 21.Bh5 Re6 22.Bxf7 Rxh6
23.Rxf4 Nc5 24.Nf6+ Rxf6 25.Qxg5 Bh6 26.Qxf6 Qxf6 27.Rxf6 Nxe4 28.Rff1 Bh3
29.Bd5 Ng5 30.Rfe1 Rc8 31.Re7+ Kg6 32.c3 Bg4 33.Rf1 b5 34.axb5 axb5 35.h4 Rh8
36.Bd4 Rh7 37.Rxh7  1-0

[Event "BL2-N9899"]
[Site "Germany"]
[Date "1998.10.18"]
[Round "1.5"]
[White "Schnabel, Ralf"]
[Black "Mortensen, Erling"]
[Result "1/2-1/2"]
[WhiteElo "2245"]
[BlackElo "2465"]

1.e4 c5 2.Nf3 e6 3.d4 cxd4 4.Nxd4 Nc6 5.Nc3 Qc7 6.Be2 a6 7.O-O b5 8.a3 Bb7
9.Be3 Nf6 10.f4 d6 11.Bf3 Be7 12.Qe1 Nxd4 13.Bxd4 O-O 14.Qg3 Bc6 15.e5 dxe5
16.Bxe5 Qb6+ 17.Kh1 Rac8 18.Ne4 Bxe4 19.Bxe4 g6 20.Bd3 Nh5 21.Qf3 Bd6 22.Bxd6 Qxd6
23.a4 b4 24.a5 Rc5 25.b3 Rfc8 26.g3 Nf6 27.Qb7 R5c6 28.Bc4 Ne4 29.Rae1 Nd2
30.Rd1 Qd4 31.Rfe1 Qf2 32.Bd3 Nf3 33.Re2 Qc5 34.Bc4 g5 35.fxg5 Nxg5 36.h4 Nf3
37.Kg2 Nd4 38.Red2 R6c7 39.Qb6 e5 40.Qxc5 Rxc5 41.Rf1 Rxc4 42.bxc4 Rxc4 43.Rf6 e4
44.Rxa6 e3 45.Rxd4 Rxd4 46.Kf3 Rc4 47.Kxe3 Rxc2 48.Rb6 Rc3+ 49.Kd4 Rxg3 50.Rxb4 Ra3
51.Rb5 Kg7 52.Kc5 f5 53.Kb6 f4 54.Rf5 f3 55.h5 Rb3+ 56.Kc5 Kh6 57.Kc4 Re3
58.Kb4 Re4+ 59.Kb5 Re3 60.Kb4 Re4+ 61.Kc3 Ra4 62.Kd2 Ra2+ 63.Ke1 Kg7  1/2-1/2

[Event "SVK-chT2A 9899"]
[Site "SVK"]
[Date "1998.10.18"]
[Round "2"]
[White "Soltes, Milan"]
[Black "Bilovsky, Milan"]
[Result "0-1"]
[WhiteElo "1820"]
[BlackElo "1823"]

1.e4 c5 2.Nc3 Nc6 3.Nge2 e6 4.d4 cxd4 5.Nxd4 Nf6 6.Bg5 Be7 7.f4 Qb6 8.Nb3 O-O
9.Qd2 Ng4 10.Nd1 Bxg5 11.fxg5 d5 12.h3 Nge5 13.exd5 exd5 14.Qxd5 Re8 15.Be2 Nb4
16.Qd2 Nc4 17.Qc3 Ne3 18.Nxe3 Rxe3 19.Qd2 Bf5 20.Kf1 Rd8 21.Qc1 Nxc2 22.Rb1 Bd3
23.Bxd3 Re1+ 24.Qxe1 Nxe1 25.Rxe1 g6 26.Ke2 a5 27.Rb1 Qe6+ 28.Kd2 Qd5  0-1

[Event "VAM Hoogeveen op"]
[Site "Hoogeveen"]
[Date "1998.10.19"]
[Round "4"]
[White "Timmermans, Ivo"]
[Black "Ligterink, Gert"]
[Result "1-0"]
[WhiteElo "2225"]
[BlackElo "2425"]

1.e4 c5 2.Nf3 e6 3.d4 cxd4 4.Nxd4 Nc6 5.Nc3 d6 6.g4 Nge7 7.Be3 a6 8.Nb3 b5
9.f4 Bb7 10.Qf3 Na5 11.O-O-O Nxb3+ 12.axb3 Nc6 13.h4 Qa5 14.Kb1 Nb4 15.g5 Rc8
16.Bd4 d5 17.f5 dxe4 18.Qf4 Be7 19.Bh3 e5 20.Bxe5 O-O 21.f6 Rxc3 22.Bxc3 Qa2+
23.Kc1 Bc5 24.fxg7 Re8 25.g6 hxg6 26.Qh6  1-0

[Event "VAM Hoogeveen op"]
[Site "Hoogeveen"]
[Date "1998.10.22"]
[Round "7"]
[White "Remmel, Tim"]
[Black "Van Engen, HJ."]
[Result "1/2-1/2"]
[WhiteElo "2235"]
[BlackElo "2135"]

1.e4 c5 2.Nf3 e6 3.d4 cxd4 4.Nxd4 Nc6 5.Nc3 Qc7 6.g3 a6 7.Bg2 Nf6 8.Nb3 b5
9.O-O Bb7 10.Qe2 d6 11.Be3 Be7 12.f4 O-O 13.a3 Rac8 14.Rad1 b4 15.axb4 Nxb4
16.g4 a5 17.Rf2 a4 18.Nd4 Ba6 19.Qf3 a3 20.Ndb5 Bxb5 21.Nxb5 Qa5 22.Nxa3 d5
23.exd5 Nfxd5 24.c3 Nxe3 25.Qxe3 Nc6 26.Nc2 Bc5 27.Nd4 Nxd4 28.cxd4 Bb6 29.Rfd2 Rfd8
30.Kh1 Qb4 31.Qa3 Qxd2 32.Rxd2 Rc1+ 33.Bf1 Rxf1+ 34.Kg2 Rxf4 35.h3 Bxd4 36.Qe7 Rf8
37.Rc2 g6 38.b4 Bf6 39.Qd6 Rd4 40.Qc5 Rb8 41.Rf2 Bg7 42.Rxf7 Rdxb4 43.Rxg7+ Kxg7
44.Qe7+ Kg8 45.Qxe6+ Kf8 46.Qf6+ Kg8 47.Qe6+  1/2-1/2

[Event "BL9899 (Women)"]
[Site "Germany"]
[Date "1998.10.24"]
[Round "1.6"]
[White "Schumacher, Britta"]
[Black "Schuster, Birgit"]
[Result "0-1"]
[WhiteElo "2030"]
[BlackElo "2105"]

1.e4 c5 2.Nf3 e6 3.d4 cxd4 4.Nxd4 Nc6 5.Nc3 Qc7 6.g3 a6 7.Bg2 Nge7 8.Nde2 Ng6
9.O-O b5 10.Be3 Bb7 11.Qd2 Be7 12.Rfd1 d6 13.f4 O-O 14.Bh3 Rad8 15.Rf1 d5
16.exd5 Nb4 17.Bg2 Nxd5 18.Nxd5 Bxd5 19.Bxd5 Rxd5 20.Qc3 Qd7 21.Qa5 Qb7 22.Nc3 Rd7
23.Rad1 Rfd8 24.Rxd7 Rxd7 25.Rd1 b4 26.Rxd7 Qxd7 27.Ne2 Qd1+ 28.Kf2 Qh1 29.Qxa6 Qxh2+
30.Ke1 h5 31.Qc8+ Kh7 32.Qc4 h4 33.gxh4 Nxh4 34.Qe4+ g6 35.Bg1 Qh3 36.Qd3 Nf3+  0-1

[Event "Wch U18"]
[Site "Oropesa del Mar"]
[Date "1998.10.25"]
[Round "1"]
[White "Berg, Emanuel"]
[Black "Carton, Camille"]
[Result "1-0"]
[WhiteElo "2380"]
[BlackElo "2155"]

1.e4 c5 2.Nf3 e6 3.d4 cxd4 4.Nxd4 Nc6 5.Nc3 Qc7 6.f4 Bc5 7.Nb3 Bb4 8.Bd3 Nge7
9.O-O d5 10.e5 Na5 11.Nb5 Qb6+ 12.Kh1 a6 13.N5d4 Nxb3 14.Nxb3 Nc6 15.Qg4 g6
16.c3 Be7 17.Qg3 Qd8 18.Be3 b5 19.Qf2 Rb8 20.Nc5 Na5 21.b4 Nc4 22.Bd4 Bxc5
23.Bxc5 Nb6 24.g4 Na4 25.Bd6 Rb7 26.f5 gxf5 27.gxf5 Nxc3 28.Qg3 Kd7 29.fxe6+ fxe6
30.Rac1 d4 31.Rxc3 Qg8 32.Qxg8 Rxg8 33.Rc2 Kd8 34.Rfc1  1-0

[Event "Panormo zt"]
[Site "Panormo"]
[Date "1998.10.25"]
[Round "2"]
[White "Lobzhanidze, Davit"]
[Black "Bagaturov, Giorgi"]
[Result "1/2-1/2"]
[WhiteElo "2455"]
[BlackElo "2540"]

1.e4 c5 2.Nf3 Nc6 3.d4 cxd4 4.Nxd4 e6 5.Nc3 d6 6.Be2 Nf6 7.O-O Be7 8.Be3 O-O
9.f4 e5 10.Nb3 exf4  1/2-1/2

[Event "Tilburg Fontys"]
[Site "Tilburg"]
[Date "1998.10.25"]
[Round "3"]
[White "Adams, Michael"]
[Black "Zvjaginsev, Vadim"]
[Result "1/2-1/2"]
[WhiteElo "2715"]
[BlackElo "2650"]

1.e4 c5 2.Nf3 e6 3.d4 cxd4 4.Nxd4 Nc6 5.Nc3 d6 6.f4 Nf6 7.Nf3 Qb6 8.Bd3 d5
9.e5 Nd7 10.a3 a6 11.Qe2 Bc5 12.b4 Nd4 13.bxc5 Nxe2 14.cxb6 Nxc3 15.Be3 Na4
16.Rb1 Ndc5 17.Nd2 Bd7 18.Be2 Rc8 19.Bd4 Ke7 20.Kf2 Bb5 21.Rhc1 Nxb6 22.Bxb5 axb5
23.Rxb5 Nbd7 24.Ke2 Rc7 25.c4 dxc4 26.Rxc4 Rhc8 27.a4 Nb3 28.Rxb3 Rxc4 29.Nxc4 Rxc4
30.Ke3 b6 31.Bxb6 Nxb6 32.Rxb6  1/2-1/2

[Event "Pan American"]
[Site "San Felipe"]
[Date "1998.10.26"]
[Round "2"]
[White "Ivanov, Alexander"]
[Black "Dumont, Sadi Glasser"]
[Result "1/2-1/2"]
[WhiteElo "2510"]
[BlackElo "2365"]

1.e4 c5 2.Nf3 e6 3.d4 cxd4 4.Nxd4 Nc6 5.Nc3 a6 6.g3 Qc7 7.Bg2 Nf6 8.O-O Nxd4
9.Qxd4 Bc5 10.Bf4 d6 11.Qd3 h6 12.Na4 e5 13.Nxc5 exf4 14.Nb3 fxg3 15.hxg3 O-O
16.Rad1 Rd8 17.Rfe1 Bg4 18.Rd2 Rac8 19.c3 b5 20.Qd4 Be6 21.Qb4 Bxb3 22.axb3 Qc5
23.Qxc5 dxc5 24.Red1 Rxd2 25.Rxd2 Re8 26.Rd6 Nxe4 27.Rxa6 b4 28.cxb4 cxb4
29.Rb6 Nc5 30.Rxb4 Re1+ 31.Bf1 Rb1 32.Rb5 Ne6 33.Rb8+ Kh7 34.Kg2 Rxb2 35.Bc4 Kg6
36.b4 Kf6 37.b5 Rb4 38.Bd5 Ke5 39.Bc6 Kd6 40.Rb7 Nc7  1/2-1/2

[Event "Najdorf op"]
[Site "Buenos Aires"]
[Date "1998.10.27"]
[Round "4"]
[White "Minzer, Claudio Javier"]
[Black "Andersson, Ulf"]
[Result "1/2-1/2"]
[WhiteElo "2390"]
[BlackElo "2645"]

1.e4 c5 2.Nf3 e6 3.d4 cxd4 4.Nxd4 Nc6 5.Nc3 a6 6.Be3 Nf6 7.Bd3 d5 8.exd5 exd5
9.Qd2 Bb4 10.a3 Ba5 11.O-O O-O 12.Rfe1 Re8 13.Nxc6 bxc6 14.Bd4 Be6 15.b4 Bc7
16.f3 Nd7 17.g3 a5 18.f4 axb4 19.axb4 Rxa1 20.Rxa1 Nf6 21.Re1 h5 22.b5 Bd7
23.Rxe8+ Bxe8 24.bxc6 Bxc6 25.Qe2 Bb6 26.Qe3 Bxd4 27.Qxd4 Qa5 28.h3 Qa1+
29.Kh2 Qe1 30.Ne2 h4 31.g4 Ne4 32.Qg1 Qa5 33.Qe3 Qe1 34.Qg1 Qb4 35.Qe3 Nd2
36.c3 Qb2 37.Qe7 Nf3+ 38.Kg2 Ne1+ 39.Kf1 Nxd3 40.Qd8+  1/2-1/2

[Event "Hampstead GM4"]
[Site "Hampstead"]
[Date "1998.10.27"]
[Round "2"]
[White "Groszpeter, Attila"]
[Black "Plaskett, Jim"]
[Result "1/2-1/2"]
[WhiteElo "2505"]
[BlackElo "2455"]

1.e4 c5 2.Nf3 e6 3.d4 cxd4 4.Nxd4 Nc6 5.Nc3 Qc7 6.Be2 a6 7.O-O b5 8.Nxc6 dxc6
9.Re1 Bd6 10.g3 Nf6 11.Bf1 e5 12.a4 Rb8 13.Bg5 Be7 14.axb5  1/2-1/2

[Event "Najdorf op"]
[Site "Buenos Aires"]
[Date "1998.10.28"]
[Round "5"]
[White "De las Heras, Juan Carlos"]
[Black "Zapata, Alonso"]
[Result "0-1"]
[WhiteElo "2315"]
[BlackElo "2470"]

1.e4 c5 2.Nf3 e6 3.d4 cxd4 4.Nxd4 Nc6 5.Nc3 Qc7 6.g3 d6 7.Bg2 Nxd4 8.Qxd4 Nf6
9.O-O Bd7 10.h3 Be7 11.Be3 O-O 12.Rfd1 a6 13.a4 Rac8 14.Qb4 Rfe8 15.Bb6 Qb8
16.Qd4 Bc6 17.a5 Nd7 18.Kh1 Nxb6 19.axb6 Bd7 20.f4 Rc6 21.Rd2 Rec8 22.Ra4 Rxc3
23.bxc3 Bxa4 24.Qxa4 Rc6 25.c4 Rxb6 26.Qd7 Bf8 27.c5 Rb1+ 28.Kh2 Qa7 29.Rxd6 Bxd6
30.Qxd6 Qa8 31.e5 Qc8  0-1

[Event "Hampstead GM4"]
[Site "Hampstead"]
[Date "1998.10.30"]
[Round "7"]
[White "Kreiman, Boris"]
[Black "Plaskett, Jim"]
[Result "1/2-1/2"]
[WhiteElo "2455"]
[BlackElo "2455"]

1.e4 c5 2.Nf3 e6 3.d4 cxd4 4.Nxd4 Nc6 5.Nc3 Qc7 6.Be3 a6 7.Bd3 b5 8.O-O Bb7
9.Kh1 Nf6 10.Qe2 Be7 11.f4 d6 12.a4 b4 13.Na2 Nxd4 14.Bxd4 e5 15.Bg1 a5 16.c3 bxc3
17.Nxc3 O-O 18.Rac1 Qd7 19.f5 d5 20.Bb5 Qd6 21.exd5 Nxd5 22.Nxd5 Qxd5 23.Rcd1 Qe4
24.Qxe4 Bxe4 25.Rde1 Bb7 26.Rxe5 Bf6 27.Re2 h5 28.Bc5 Rfc8 29.Be7 Bxe7 30.Rxe7 Ba6
31.Bxa6 Rxa6 32.Rb7 Rc2 33.Rb5 Rd6 34.b3 Rf2 35.Rg1 Rd3 36.h3 Rb2 37.f6 gxf6
38.Rxh5 Rdxb3 39.Rxa5 Ra2 40.Rd1 Rg3 41.Ra8+ Kg7 42.Rdd8 Raxg2 43.Rg8+ Kh6
44.Rxg3 Rxg3 45.Kh2 Ra3 46.a5 f5 47.a6 Kg7 48.a7 f4 49.Kg2 Kh7 50.h4 Kg7
51.h5 f3+ 52.Kf2 f6 53.Kg3 f5  1/2-1/2

[Event "Najdorf op"]
[Site "Buenos Aires"]
[Date "1998.10.31"]
[Round "8"]
[White "Szmetan, Jorge"]
[Black "Andersson, Ulf"]
[Result "0-1"]
[WhiteElo "2405"]
[BlackElo "2645"]

1.e4 c5 2.Nf3 e6 3.d4 cxd4 4.Nxd4 Nc6 5.Nc3 a6 6.g3 d6 7.Bg2 Bd7 8.O-O Nf6
9.a4 Be7 10.Nb3 Na5 11.Nxa5 Qxa5 12.Be3 O-O 13.g4 Bc6 14.g5 Nd7 15.f4 Rfe8
16.Rf3 Rad8 17.Rh3 g6 18.Qe1 Qb4 19.b3 Bf8 20.Na2 Qxe1+ 21.Rxe1 d5 22.e5 Rc8
23.Bd4 b5 24.axb5 axb5 25.c3 Nc5 26.Nc1 b4 27.cxb4 Na6 28.Nd3 Nxb4 29.Nxb4 Bxb4
30.Ra1 Bb5 31.Bf1 Bxf1 32.Rxf1 Bc5 33.Rd3 Bxd4+ 34.Rxd4 Rc3 35.Rb4 Ra8 36.Kg2 Ra3
37.Rf3 Rc1 38.Rb8+ Kg7 39.Rb7 Raa1 40.Rf2 Rab1 41.Rd2 Rc3 42.Ra2 Rbxb3 43.Rxb3 Rxb3
44.Ra7 Rb8 45.Kf3 Rh8 46.Rd7 h6 47.gxh6+ Rxh6 48.Kg3 Rh8 49.h4 Rc8 50.Kg4 Rc1
51.Rd8 Rd1 52.Kg3 Rd3+ 53.Kg4 f5+ 54.exf6+ Kxf6 55.Rf8+ Ke7 56.Rg8 Kf7 57.Rd8 Re3
58.Ra8 d4 59.Ra4 d3 60.Rd4 Ke7 61.Kg5 Rg3+ 62.Kh6 Kf6 63.Kh7 Rh3 64.Kg8 Rxh4  0-1

[Event "Wch U16"]
[Site "Oropesa del Mar"]
[Date "1998.10.31"]
[Round "6"]
[White "Grigoriants, Sergey"]
[Black "Mastrovasilis, Dimitrios"]
[Result "0-1"]
[WhiteElo "2320"]
[BlackElo "2280"]

1.e4 c5 2.Nf3 e6 3.d4 cxd4 4.Nxd4 Nc6 5.Nc3 Qc7 6.Be3 a6 7.Bd3 Nf6 8.O-O h5
9.h3 b5 10.Nxc6 Qxc6 11.f3 Bc5 12.Qe2 Bb7 13.Qf2 Rc8 14.e5 Bxe3 15.Qxe3 Nd5
16.Nxd5 Qxd5 17.Qg5 Kf8 18.Qf4 Kg8 19.Kh1 Qc5 20.Rad1 h4 21.Be4 Bxe4 22.fxe4 Qe7
23.Qf2 Rh5 24.Qa7 Rxc2 25.Rxd7 Qg5 26.Rg1 Qf4 27.Rd8+ Kh7 28.Rf8 Kg6 29.Qe7 Rf2
30.Rg8 Rg5 31.Qf6+ Qxf6 32.exf6 Kxf6 33.Ra8 Rxb2 34.Rxa6 Re2 35.Ra7 Kg6 36.Rf1 f6
37.e5 Rexe5 38.Rf4 Re1+ 39.Kh2 Re2 40.Rg4 Rxg4 41.hxg4 Kh6 42.Rb7 Rxa2 43.Rxb5 g5
44.Rb3 Re2 45.Kh3 Kg6 46.Ra3 f5 47.gxf5+ exf5 48.g4 hxg3 49.Kxg3 Re6 50.Kf3 Rb6
51.Kg3 Kh5 52.Kf3 Rb4 53.Ra1 g4+ 54.Kg2 f4 55.Rh1+ Kg5 56.Ra1 Rb2+ 57.Kg1 Kh4
58.Ra3 f3 59.Ra1 g3  0-1

[Event "Pan American"]
[Site "San Felipe"]
[Date "1998.10.31"]
[Round "6"]
[White "Ginzburg, Maximiliano"]
[Black "Dumont, Sadi Glasser"]
[Result "1/2-1/2"]
[WhiteElo "2490"]
[BlackElo "2365"]

1.e4 c5 2.Nf3 e6 3.d4 cxd4 4.Nxd4 Nc6 5.Nc3 Qc7 6.g3 a6 7.Bg2 Nf6 8.O-O Nxd4
9.Qxd4 Bc5 10.Bf4 d6 11.Qd2 h6 12.Na4 e5 13.Nxc5 dxc5 14.Be3 Ng4 15.h3 Nxe3
16.Qxe3 Be6 17.Rfd1 O-O 18.Rd2 Rfd8 19.Rad1 Rxd2 20.Rxd2 Rd8 21.a3  1/2-1/2

[Event "Chigorin mem"]
[Site "St. Petersburg"]
[Date "1998.10.31"]
[Round "1"]
[White "Solovjov, Sergey"]
[Black "Kalinichev, Konstantin"]
[Result "1-0"]
[WhiteElo "2420"]
[BlackElo "2190"]

1.e4 c5 2.Nf3 Nc6 3.Nc3 e6 4.d4 cxd4 5.Nxd4 Nf6 6.g3 d5 7.Bg2 Bc5 8.Nb3 Bb4
9.O-O Bxc3 10.exd5 exd5 11.bxc3 O-O 12.c4 dxc4 13.Qxd8 Rxd8 14.Nc5 Nd7 15.Ne4 Nb6
16.Nc5 Nd4 17.a4 Nd5 18.a5 Nxc2 19.Ra4 Nd4 20.Rxc4 Ne2+ 21.Kh1 b6 22.Re1 bxc5
23.Rxc5 Bb7 24.Bb2 Rd7 25.h4 Re8 26.Rd1 Nf6 27.Rxd7 Nxd7 28.Rc7 Bxg2+ 29.Kxg2 Nf6
30.Rxa7 Rb8 31.a6 Nd5 32.Rb7 Re8 33.a7  1-0

[Event "Tilburg Fontys"]
[Site "Tilburg"]
[Date "1998.10.31"]
[Round "8"]
[White "Svidler, Peter"]
[Black "Zvjaginsev, Vadim"]
[Result "1/2-1/2"]
[WhiteElo "2710"]
[BlackElo "2650"]

1.e4 c5 2.Nf3 e6 3.d4 cxd4 4.Nxd4 Nc6 5.Nc3 d6 6.g4 a6 7.Be3 Nge7 8.g5 b5
9.Qd2 Nxd4 10.Qxd4 Nc6 11.Qd2 Be7 12.f4 O-O 13.O-O-O Bb7 14.Kb1 Rc8 15.Qf2 Nb4
16.Bb6 Qe8 17.Bg2  1/2-1/2

[Event "Chigorin mem"]
[Site "St. Petersburg"]
[Date "1998.11.01"]
[Round "2"]
[White "Sepman, Yelius"]
[Black "Nikolaev, Nikita"]
[Result "1/2-1/2"]
[WhiteElo "2145"]
[BlackElo "2325"]

1.e4 c5 2.Nc3 e6 3.Nf3 Nc6 4.d4 cxd4 5.Nxd4 Nf6 6.Be3 Bb4 7.Bd3 d5 8.exd5 Nxd5
9.Nxc6 bxc6 10.Bd2 O-O 11.O-O Rb8 12.Qh5 Nf6 13.Qh4 Be7 14.Rad1 Rb4 15.Qh3 Qc7
16.b3 g6 17.Rfe1 Rd4 18.Qf3 Ng4 19.g3 Ne5 20.Qe3 Nxd3 21.Qxd4 Nxe1 22.Rxe1 c5
23.Qe3 Bb7 24.Ne4 Qc6 25.f3 f5 26.Nf2 e5 27.Bc3 Bf6 28.Nd3 Qxf3 29.Qxf3 Bxf3
30.Bxe5 Be4 31.Bxf6 Rxf6 32.Nxc5 Bxc2 33.Rc1 Be4 34.Nxe4 fxe4 35.Rc8+ Kf7
36.Rc7+ Kf8 37.Rc4 e3 38.Re4 Rf2 39.Rxe3 Rxa2 40.Rc3 a5 41.Rc7 Rb2  1/2-1/2

[Event "Donetzk zt"]
[Site "Donetsk"]
[Date "1998.11.02"]
[Round "1"]
[White "Golubev, Mihail"]
[Black "Nechaev, Andrei"]
[Result "1-0"]
[WhiteElo "2515"]
[BlackElo "2330"]

1.e4 c5 2.Ne2 Nc6 3.Nbc3 e6 4.d4 cxd4 5.Nxd4 Nf6 6.Ndb5 d6 7.Bf4 e5 8.Bg5 a6
9.Na3 b5 10.Bxf6 gxf6 11.Nd5 Bg7 12.c3 f5 13.exf5 Bxf5 14.Nc2 Be6 15.Nce3 O-O
16.Bd3 f5 17.O-O Ra7 18.a4 b4 19.Qh5 e4 20.Nf4 Bf7 21.Bc4 Qf6 22.Nfd5 Qe5
23.Qxf5 Na5 24.Qxe5 Bxe5 25.Rad1 bxc3 26.bxc3 Nxc4 27.Nxc4 Bxc3 28.Nxd6 Bxd5
29.Rxd5 Re7 30.Nf5 Rb7 31.Rc1 Bf6 32.g4 Bg5 33.Re1 Rb4 34.a5 Ra4 35.h3 Bf4
36.Rb1 Ra3 37.Rb4 Rxh3 38.Rxe4 Bc7 39.Re7 Bd8 40.Ra7 Ra3 41.Nh6+  1-0

[Event "Chigorin mem"]
[Site "St. Petersburg"]
[Date "1998.11.04"]
[Round "5"]
[White "Voitsekhovsky, Stanislav"]
[Black "Kochyev, Alexander"]
[Result "1-0"]
[WhiteElo "2545"]
[BlackElo "2435"]

1.e4 c5 2.Nf3 e6 3.d4 cxd4 4.Nxd4 Nc6 5.Nc3 d6 6.Be2 Nf6 7.Be3 Be7 8.f4 O-O
9.O-O Bd7 10.Nb3 a6 11.a4 Nb4 12.a5 d5 13.e5 Ne4 14.Nxe4 dxe4 15.Bb6 Qe8
16.Nc5 Nd5 17.Nxe4 Nxb6 18.axb6 Qd8 19.Qd4 Bb5 20.Qxd8 Bxd8 21.Bxb5 Bxb6+
22.Kh1 axb5 23.c3 b4 24.cxb4 Bd4 25.g3 Bxb2 26.Rxa8 Rxa8 27.Rf2 Ra1+ 28.Kg2 Ba3
29.Rd2 Bxb4 30.Rd8+ Bf8 31.Nc5 g6 32.Nd7 Kg7 33.Nxf8 b5 34.Nxe6+ fxe6 35.Rd7+ Kg8
36.Kh3 h6 37.Re7 Ra6 38.Rb7 Ra5 39.Kg4 Kf8 40.h4 Ra3 41.Rxb5 Ra7 42.h5 g5
43.fxg5 Ra4+ 44.Kh3 hxg5 45.Rb7 Re4 46.h6  1-0

[Event "GER-ch"]
[Site "Bremen"]
[Date "1998.11.06"]
[Round "1"]
[White "Maier, Christian"]
[Black "Bischoff, Klaus"]
[Result "1/2-1/2"]
[WhiteElo "2345"]
[BlackElo "2550"]

1.e4 c5 2.Nf3 e6 3.d4 cxd4 4.Nxd4 Nc6 5.Nc3 d6 6.Be3 Nf6 7.f3 Be7 8.Qd2 O-O
9.g4 Nd7 10.O-O-O a6 11.Nxc6 bxc6 12.g5 Rb8 13.Kb1 d5 14.exd5 cxd5 15.f4 Qa5
16.Bd4 Bb7 17.Rg1 Bc5 18.Rg3 Bxd4 19.Qxd4 Bc6 20.Bd3 Rb4 21.Qf2 g6 22.b3 Qc7  1/2-1/2

[Event "Escaldes zt"]
[Site "Escaldes"]
[Date "1998.11.06"]
[Round "1"]
[White "David, Alberto"]
[Black "Simonet Pons, Marc"]
[Result "1/2-1/2"]
[WhiteElo "2520"]
[BlackElo "2270"]

1.e4 c5 2.Nf3 Nc6 3.Nc3 e6 4.d4 cxd4 5.Nxd4 Nf6 6.Ndb5 Bb4 7.a3 Bxc3+ 8.Nxc3 d5
9.exd5 exd5 10.Bd3 O-O 11.O-O d4 12.Ne2 Bg4 13.f3 Bh5 14.b4 Nd5 15.Qd2 Qb6
16.Qg5 Nf6 17.b5 Na5 18.Bb2 Rad8 19.Qh4 Bg6 20.Bxd4 Qc7 21.Bxf6 gxf6 22.Qxf6 Qc5+
23.Kh1 Bxd3 24.cxd3 Rxd3 25.Ng3 Qc3 26.Qf5 Rfd8 27.Rac1 Qg7 28.Ne4 Qg6 29.Qe5 Nb3
30.Rce1 h6 31.Nf6+ Kf8 32.Ne8 Kg8 33.Nf6+ Kf8 34.Nh5 R3d6 35.Qh8+ Qg8 36.Qe5 Qg5
37.Qh8+ Qg8 38.Qc3 Nd4 39.Re5 Qg6 40.Qe3 Nf5 41.Qe4 Rd1 42.Rg1 Qxh5 43.Rxf5 Rxg1+
44.Kxg1 Rd1+ 45.Kf2 Qxh2 46.Qc4 Qg1+ 47.Kg3 Qe1+ 48.Kh2 Qh1+ 49.Kg3 Qe1+
50.Kg4 Qe7 51.f4 Rh1 52.a4 Re1 53.Qc5 b6 54.Qxe7+ Kxe7 55.Rh5 Re6 56.Kf3 Kf8
57.g4 Kg7 58.Rd5 Re7 59.Rd6 Rc7 60.Rc6 Re7 61.f5 f6 62.Kf4 Kf7 63.Rd6 Re5
64.Rc6 Re7 65.Kg3 Kg7 66.Kh4 Kf7 67.Kh5 Kg7 68.Re6 Rd7 69.a5 bxa5 70.Ra6 Re7
71.Rxa5 Rb7 72.Ra6 Rd7 73.Rc6 Re7 74.Kh4 Kf7 75.Kg3 Re3+ 76.Kf4 Re5 77.Rc7+ Re7
78.Rc3 Re5 79.Rb3 Re7 80.Rh3 Kg7  1/2-1/2

[Event "Escaldes zt"]
[Site "Escaldes"]
[Date "1998.11.06"]
[Round "1"]
[White "Miralles, Gilles"]
[Black "Lautier, Joel"]
[Result "1/2-1/2"]
[WhiteElo "2515"]
[BlackElo "2625"]

1.e4 c5 2.Nf3 e6 3.d4 cxd4 4.Nxd4 Nc6 5.Nc3 Qc7 6.Be2 a6 7.Be3 Nf6 8.O-O Bb4
9.Nxc6 bxc6 10.Na4 Be7 11.Nb6 Rb8 12.Nxc8 Qxc8 13.e5 Nd5 14.Bd4 c5 15.c4 cxd4
16.cxd5 Qc5 17.Bf3 Rxb2 18.Rc1 Qb6 19.Rc8+ Bd8 20.dxe6 fxe6 21.Be4 O-O 22.Qh5 g6
23.Bxg6 hxg6 24.Qxg6+ Kh8 25.Qh6+ Kg8 26.Qg6+ Kh8  1/2-1/2

[Event "POL-chT"]
[Site "Lubniewice"]
[Date "1998.11.06"]
[Round "6"]
[White "Macieja, Bartlomiej"]
[Black "Ksieski, Zbigniew"]
[Result "0-1"]
[WhiteElo "2490"]
[BlackElo "2400"]

1.e4 c5 2.Nf3 e6 3.d4 cxd4 4.Nxd4 Nc6 5.Nc3 d6 6.Be3 Nf6 7.Bc4 Na5 8.Bd3 a6
9.f4 Qc7 10.Qf3 b5 11.g4 b4 12.Nce2 Bb7 13.g5 Nd7 14.O-O Nc4 15.Bc1 d5 16.exd5 Bxd5
17.Be4 Bxe4 18.Qxe4 Rc8 19.b3 Nd6 20.Qe3 Be7 21.a3 bxa3 22.Bxa3 O-O 23.Rfd1 Rfe8
24.Qd3 e5 25.fxe5 Nxe5 26.Qxa6 Ne4 27.Bc1 Nxg5 28.Bxg5 Bxg5 29.Qa7 Nf3+ 30.Kf1 Qxh2
31.Qd7 Be3  0-1

[Event "Wch U18 Girls"]
[Site "Oropesa del Mar"]
[Date "1998.11.06"]
[Round "10"]
[White "Ionica, Iulia"]
[Black "Sheldon, Ruth"]
[Result "1/2-1/2"]
[WhiteElo "2195"]
[BlackElo "2220"]

1.e4 c5 2.Nf3 Nc6 3.d4 cxd4 4.Nxd4 e6 5.Nc3 Qc7 6.Be2 a6 7.O-O Nf6 8.Kh1 Nxd4
9.Qxd4 Bc5 10.Qd3 b5 11.f4 h5 12.e5 Ng4 13.Qh3 Nh6 14.Qxh5 Bb7 15.Bf3 O-O-O
16.Bxb7+ Qxb7 17.Qf3 Nf5 18.h3 d5 19.exd6 Qxf3 20.Rxf3 Rxd6 21.Kh2 Ba7 22.Rf1 Rhd8
23.a3 Kb7 24.g4 Nd4 25.Ne4 Rc6 26.c3 Nb3 27.Rb1 Rc4 28.Re1 Bb8 29.Kg2 Nxc1
30.Rbxc1 Bxf4 31.Rc2 g5 32.Nf2 a5 33.b3 Rc7 34.Re4 Rd2  1/2-1/2

[Event "Wch U16"]
[Site "Oropesa del Mar"]
[Date "1998.11.06"]
[Round "10"]
[White "Bruzon, Lazaro"]
[Black "Kang Chuanqi"]
[Result "1-0"]
[WhiteElo "2470"]
[BlackElo "2315"]

1.e4 c5 2.Nc3 Nc6 3.Nge2 e6 4.d4 cxd4 5.Nxd4 Qc7 6.g3 a6 7.Bg2 Bb4 8.O-O Nf6
9.Nde2 d6 10.h3 b5 11.a4 Rb8 12.axb5 axb5 13.g4 O-O 14.g5 Nd7 15.h4 Nce5
16.f4 Bc5+ 17.Kh1 Ng4 18.Nd4 Bxd4 19.Qxd4 b4 20.Ne2 e5 21.Qd3 exf4 22.Bxf4 Nde5
23.Qd2 Rb6 24.b3 Ba6 25.Rfe1 Bxe2 26.Rxe2 Nd7 27.Bh3 Nge5 28.Be3 Nc5 29.Qd5 g6
30.Rf1 Qc6 31.Bd4 Re8 32.Rf6 Qxd5 33.exd5 Ra6  1-0

[Event "African Individual"]
[Site "Cairo"]
[Date "1998.11.07"]
[Round "5"]
[White "Labib, Ibrahim Hasan"]
[Black "Tissir, Mohamed"]
[Result "1-0"]
[WhiteElo "2305"]
[BlackElo "2280"]

1.e4 c5 2.Nf3 e6 3.d4 cxd4 4.Nxd4 Nc6 5.Nc3 Qc7 6.Be2 a6 7.O-O Nf6 8.Be3 Bb4
9.Nxc6 bxc6 10.Bd3 e5 11.Na4 Rb8 12.c4 Be7 13.c5 O-O 14.Nb6 d6 15.cxd6 Bxd6
16.Nxc8 Qxc8 17.Qc2 Ng4 18.Ba7 Ra8 19.Bc5 Rd8 20.Rfd1 Bxc5 21.Qxc5 Qc7 22.Rac1 Rab8
23.Bxa6 Rxb2 24.Qxc6 Qb8 25.Bc8 Rxd1+ 26.Rxd1 h5 27.Rd8+ Kh7 28.Bf5+ g6 29.Bxg6+ Kg7
30.Rxb8 Rxb8 31.Qc1 Kxg6 32.f3 Nf6 33.h4  1-0

[Event "Young Masters 5th"]
[Site "Loures"]
[Date "1998.11.07"]
[Round "5"]
[White "Moreno, Javier"]
[Black "Costa, Fernando JM"]
[Result "1-0"]
[WhiteElo "2430"]
[BlackElo "2115"]

1.e4 c5 2.Nf3 e6 3.d4 cxd4 4.Nxd4 Nc6 5.Nc3 Qc7 6.Be2 a6 7.O-O Nf6 8.Kh1 Be7
9.f4 d6 10.a4 O-O 11.Be3 Re8 12.Qe1 Bd7 13.Qg3 d5 14.e5 Ne4 15.Nxe4 dxe4
16.f5 Nxd4 17.f6 Bxf6 18.Bxd4 Be7 19.c3 Bc6 20.Rf4 Bf8 21.Raf1 Re7 22.Qf2 b5
23.a5 Rd7 24.h4 Bd5 25.h5 Rc8 26.b4 Qb7 27.Qg3 g6 28.hxg6 hxg6 29.Rh4 Bg7
30.Rh2 Bc4 31.Bxc4 Rxc4 32.Qh3 Rcxd4 33.cxd4 Rxd4 34.Qh7+ Kf8 35.Rh4 Bxe5
36.Rg4 Bg7 37.Rxg6 f5 38.Rxe6 Rd5 39.Rf6+ Ke8 40.Qg8+ Kd7 41.Qxg7+  1-0

[Event "Villa Martelli op"]
[Site "Villa Martelli"]
[Date "1998.11.07"]
[Round "3"]
[White "Rodriguez, Andres URU"]
[Black "Marques, Vinicius"]
[Result "1-0"]
[WhiteElo "2490"]
[BlackElo "2235"]

1.e4 c5 2.Nf3 e6 3.d4 cxd4 4.Nxd4 Nc6 5.Nc3 Qc7 6.g3 a6 7.Bg2 Nf6 8.O-O Bc5
9.Bf4 e5 10.Nb3 exf4 11.Nxc5 fxg3 12.hxg3 d6 13.N5a4 O-O 14.b3 b5 15.Nb2 Be6
16.Qd2 Rac8 17.Ne2 Rfd8 18.Nf4 Ne5 19.Rac1 Bg4 20.f3 Bd7 21.Nd1 Bc6 22.Ne3 d5
23.exd5 Nxd5 24.Nfxd5 Bxd5 25.Nxd5 Qc5+ 26.Qf2 Rxd5 27.f4 Ng4 28.Qxc5 Rdxc5
29.Bb7 R8c7 30.Be4 g6 31.Rce1 Kg7 32.Bd3 b4 33.Re4 a5 34.a3 f5 35.Re2 Nf6
36.axb4 axb4 37.Ra1 Ne4 38.Kg2 Rc3 39.Ra8 Nc5 40.Bc4 Ne4 41.Rg8+ Kf6 42.Kh2 R7xc4
43.bxc4 Nxg3 44.Ree8 Ne4 45.Rc8 Rxc2+ 46.Kg1 b3 47.Rc6+ Ke7 48.Rg7+ Kd8 49.Rb6  1-0

[Event "Donetzk zt"]
[Site "Donetsk"]
[Date "1998.11.08"]
[Round "6"]
[White "Maksimenko, Andrei"]
[Black "Milov, Leonid"]
[Result "1-0"]
[WhiteElo "2500"]
[BlackElo "2490"]

1.e4 c5 2.Nf3 e6 3.d4 cxd4 4.Nxd4 Nc6 5.Nc3 a6 6.Be2 Qc7 7.O-O Nf6 8.Kh1 Be7
9.f4 d6 10.Be3 O-O 11.a4 Re8 12.Bf3 Rb8 13.Qd2 Na5 14.Qf2 Nc4 15.Bc1 Qc5
16.b3 Na5 17.Bd2 e5 18.Nf5 Bxf5 19.Qxc5 dxc5 20.exf5 Bd6 21.g4 Nc6 22.g5 Nd7
23.Bxc6 bxc6 24.Rad1 Bf8 25.Bc1 Rb7 26.Rfe1 c4 27.bxc4 Bb4 28.Re3 f6 29.h4 Nb6
30.fxe5 Nxc4 31.Re4 Nxe5 32.Ne2 Rbb8 33.Kg2 Nf7 34.Ng3 Bd6 35.g6 hxg6 36.fxg6 Bxg3
37.Rxe8+ Rxe8 38.gxf7+ Kxf7 39.Kxg3 Re4 40.a5 Rc4 41.Rd2 Rc5 42.Rd7+ Kg6
43.Bd2 Rxc2 44.Kf3 Ra2 45.Ke2  1-0